00291nam a2200109Ia 4500008004100000041000800041082001700049100002000066245005100086250000900137260003500146230627s9999 xx 000 0 und d amar a346.052bRAY aRay,Mallick M.R aCommentaries On The Hindu Succession Act, 1956 a3ed. aKolkatabKamal Law Housec2003